ბათუმის შოთა რუსთაველის სახელმწიფო უნივერსიტეტის ბიბლიოთეკა

ქართველურ ენათა ლექსიკა I : (ბიბ.ჩანაწერი № 52939)

000 -ლიდერი
ფიქსირებული სიგრძის საკონტროლო ველი 01614nam a2200277Ia 4500
001 - საკონტროლო ნომერი
საკონტროლო ველი 19969
003 - საკონტროლო ნომრის იდენტიფიკატორი
საკონტროლო ველი GE_BSU
005 - ბოლო ოპერაციის თარიღი და დრო
საკონტროლო ველი 20200523224953.0
008 - ფიქსირებული სიგრძის მონაცემთა ელემენტები - ზოგადი ინფორმაცია
ფიქსირებული სიგრძის საკონტროლო ველი 181216s1938||||ge |||||||||||||| ||geo||
040 ## - კატალოგიზაციის წყარო
Transcribing agency GE_BSU
041 ## - ენის კოდი
Language code of text/sound track or separate title geo
080 ## - უნივერსალური ათობითი კლასიფიკაციის ინდექსი
Universal Decimal Classification number 81'374(038)=353.1'282 ქ-27
245 ## - ცნობა სათაურის შესახებ
Title ქართველურ ენათა ლექსიკა I :
Remainder of title გურული, ზემოიმერული და ლეჩხუმური ლექსიკონები /
Statement of responsibility, etc ვ. ბერიძის რედაქციით.
264 ## - წარმოების, გამოცემის, დისტრიბუციის და სხვა ცნობები
გამოცემის, წარმოების, დისტრიბუციის... ადგილი თბილისი :
გამოცემის, წარმოების, დისტრიბუციის... სახელწოდება სსრკ მეცნ. აკად. საქ. ფილიალის გამომცემლობა,
გამოცემის, წარმოების, დისტრიბუციის... თარიღი 1938.
300 ## - ფიზიკური აღწერა
Extent X,165 გვ. ;
Dimensions 22 სმ.
500 ## - ზოგადი შენიშვნა
General note პარალ. თავფურცელზე : გურული, ზემოიმერული და ლეჩხუმური ლექსიკონები
501 ## - შენიშვნა თანმხლებ მასალაზე
With note წანართი : შემოკლებანი
653 ## - INDEX TERM--UNCONTROLLED
Uncontrolled term გურული ლექსიკონი
653 ## - INDEX TERM--UNCONTROLLED
Uncontrolled term ზემოიმერული ლექსიკონი
653 ## - INDEX TERM--UNCONTROLLED
Uncontrolled term ლეჩხუმური ლექსიკონი
653 ## - INDEX TERM--UNCONTROLLED
Uncontrolled term ლექსიკონი
700 ## - ADDED ENTRY--PERSONAL NAME
Personal name ბერიძე, ვ.
Relator term რედაქტორი
9 (RLIN) 8166
710 ## - ADDED ENTRY--CORPORATE NAME
Corporate name or jurisdiction name as entry element ენის, ისტორიისა და მატერიალური კულტურის ინსტიტუტი აკად. ნ. მარის სახელობისა
9 (RLIN) 8167
942 ## - ADDED ENTRY ELEMENTS (KOHA)
Koha item type წიგნი
Source of classification or shelving scheme
ეგზემპლარები
ჩამოწერის სტატუსი დაკარგული ეგზემპლარის სტატუსი კლასიფიკაციის წყარო ან თაროზე გაწყობის სქემა დაზიანების სტატუსი არ გაიცემა მუდმივი მდებარეობა (დაცვის ადგილი) ამჟამინდელი ადგილსამყოფელი თაროზე განთავსების ადგილი შეძენის თარიღი ღირებულება, შესყიდვის ნორმალური ფასი სრული შენახვის შიფრი შტრიხკოდი ბოლო ოპერაციის თარიღი ეგზემპლარის მიმდევრობითი ნომერი (კეტერი?) ფასის ძალაში შესვლის თარიღი ეგზემპლარის სახეობა საჯარო შენიშვნა
          ბათუმის შოთა რუსთაველის სახელმწიფო უნივერსიტეტის მთავარი ბიბლიოთეკა ბათუმის შოთა რუსთაველის სახელმწიფო უნივერსიტეტის მთავარი ბიბლიოთეკა წიგნსაცავი 2018-12-17 1.40 81'374(038)=353.1'282 ქ-27 52600 2018-12-17 52600 2018-12-17 წიგნი 1.40 ლ.